000 00405nam a2200181Ia 4500
005 20240823035733.0
008 240823s9999||||xx |||||||||||||| ||und||
041 _aENGLISH
082 _A894.8111 P4
100 _aVetti vel
245 0 _aMangala Pookkal
250 _a1st
260 _c2004
_bArun Pathi
500 _aTRANSFERED
650 _aTamil Books
_bGeneral
942 _cBK
999 _c201395
_d201395